[Event "4NCL Division 2a"]
[Site "Northampton, ENG"]
[Date "2017.02.11"]
[Round "5.48"]
[White "Meadows, Michael"]
[Black "Howell, Oliver W"]
[Result "1/2-1/2"]
[WhiteElo "1965"]
[BlackElo "1771"]
[PlyCount "100"]
[EventDate "2017.02.11"]
[WhiteTeam "Downend & Fishponds"]
[BlackTeam "West is Best 1"]

1. e4 e6 2. d4 d5 3. Nc3 Bb4 4. e5 Ne7 5. a3 Bxc3+ 6. bxc3 c5 7. Qg4 Qc7 8. Bd3
cxd4 9. Ne2 dxc3 10. Qxg7 Rg8 11. Qxh7 Nbc6 12. Bf4 Qb6 13. O-O d4 14. Bg3 Qc5
15. f4 b6 16. Bf2 Bb7 17. Ng3 O-O-O 18. Qxf7 Qd5 19. Be4 Qc4 20. f5 Rgf8 21.
Qxe6+ Qxe6 22. fxe6 Nxe5 23. Rad1 Bxe4 24. Nxe4 Rf4 25. Rfe1 d3 26. Nxc3 dxc2
27. Rxd8+ Kxd8 28. Bg3 Nd3 29. Bxf4 Nxe1 30. Ne2 Nd3 31. Bg5 b5 32. Nc1 Nxc1
33. Bxc1 Nc6 34. Kf2 Nd4 35. Ke3 Nb3 36. Kd3 Nxc1+ 37. Kxc2 Ne2 38. Kd3 Nf4+
39. Kd4 Nxe6+ 40. Kd5 Nc7+ 41. Kc6 a5 42. Kc5 Ke7 43. h4 Kf6 44. g4 Kg6 45. Kd4
Na6 46. Kd5 a4 47. Kd4 b4 48. axb4 a3 49. Kc3 Nxb4 50. Kb3 a2 1/2-1/2

[Event "4NCL Division 2b"]
[Site "Reading, ENG"]
[Date "2016.11.20"]
[Round "2.51"]
[White "Greet, Andrew N"]
[Black "Carleton, John J"]
[Result "1/2-1/2"]
[WhiteElo "2464"]
[BlackElo "2277"]
[PlyCount "88"]
[EventDate "2016.11.20"]
[WhiteTeam "Alba"]
[BlackTeam "Spirit of Atticus A"]

1. d4 Nf6 2. Nf3 d5 3. c4 e6 4. g3 Be7 5. Bg2 O-O 6. O-O c6 7. Qc2 Nbd7 8. Nbd2
b6 9. e4 Bb7 10. e5 Ne8 11. cxd5 cxd5 12. Re1 Rc8 13. Qb3 Ba6 14. Nb1 Nb8 15.
Nc3 Nc6 16. Qd1 Nc7 17. a3 Na5 18. b4 Nc4 19. Qb3 Bb5 20. Nxb5 Nxb5 21. a4 Nc7
22. b5 a6 23. Nd2 axb5 24. axb5 Nxd2 25. Bxd2 Qd7 26. Bf1 Ra8 27. Bb4 Rxa1 28.
Rxa1 Ra8 29. Rc1 Ne8 30. Rc6 Bxb4 31. Qxb4 Qb7 32. Qc3 g6 33. g4 h6 34. f4 Kf8
35. Qc1 Qe7 36. Rxb6 Qh4 37. Ra6 Qxg4+ 38. Bg2 Rb8 39. b6 Qe2 40. Bf1 Qe4 41.
Ra4 Kg7 42. Qb2 Qe3+ 43. Kg2 Qe4+ 44. Kg1 Qe3+ 1/2-1/2

[Event "4NCL Division 2b"]
[Site "Reading, ENG"]
[Date "2016.11.20"]
[Round "2.52"]
[White "Mitchell, Martin"]
[Black "Shaw, John"]
[Result "1-0"]
[WhiteElo "2186"]
[BlackElo "2449"]
[PlyCount "41"]
[EventDate "2016.11.20"]
[WhiteTeam "Spirit of Atticus A"]
[BlackTeam "Alba"]

1. d4 e6 2. c4 Bb4+ 3. Nd2 c5 4. a3 Bxd2+ 5. Qxd2 cxd4 6. Nf3 Nf6 7. Nxd4 d5 8.
cxd5 Qxd5 9. Nf3 O-O 10. Qxd5 Nxd5 11. e4 Nf6 12. Bd3 b6 13. Bg5 Bb7 14. Bxf6
gxf6 15. Ke2 Nd7 16. b4 Rfc8 17. Rhc1 Kf8 18. Ke3 Ke7 19. Nd4 a5 20. bxa5 Rxa5
21. Rxc8 1-0

[Event "4NCL Division 2b"]
[Site "Reading, ENG"]
[Date "2016.11.20"]
[Round "2.53"]
[White "Sreeves, Clement"]
[Black "Ivell, Nicholas W"]
[Result "1-0"]
[WhiteElo "2356"]
[BlackElo "2204"]
[PlyCount "89"]
[EventDate "2016.11.20"]
[WhiteTeam "Alba"]
[BlackTeam "Spirit of Atticus A"]

1. e4 c5 2. Nf3 e6 3. d4 cxd4 4. Nxd4 Nf6 5. Nc3 d6 6. Be3 Be7 7. f3 O-O 8. Qd2
Nc6 9. g4 Nd7 10. O-O-O Nxd4 11. Bxd4 Ne5 12. Be2 Nc6 13. Be3 a6 14. g5 b5 15.
h4 Re8 16. Rdg1 Rb8 17. g6 fxg6 18. h5 g5 19. Bxg5 Bxg5 20. Rxg5 Rb7 21. Rhg1
Rf7 22. f4 Qc7 23. Bd3 Nd4 24. Qe3 Qa7 25. Qg3 Ree7 26. h6 Rc7 27. e5 dxe5 28.
hxg7 Rxg7 29. Ne4 Nf5 30. Nf6+ Kh8 31. Bxf5 exf4 32. Qxf4 exf5 33. Rd1 Bd7 34.
Rxg7 Kxg7 35. Qg5+ Kf7 36. Nxd7 Rxd7 37. Qxf5+ Ke8 38. Qe6+ Kd8 39. Qg8+ Ke7
40. Qxh7+ Ke8 41. Qg8+ Ke7 42. Qg5+ Ke8 43. Re1+ Re7 44. Qg8+ Kd7 45. Rxe7+ 1-0

[Event "4NCL Division 2b"]
[Site "Reading, ENG"]
[Date "2016.11.20"]
[Round "2.54"]
[White "Latham, David"]
[Black "McKay, Roderick M"]
[Result "0-1"]
[WhiteElo "2117"]
[BlackElo "2346"]
[PlyCount "108"]
[EventDate "2016.11.20"]
[WhiteTeam "Spirit of Atticus A"]
[BlackTeam "Alba"]

1. d4 d5 2. c4 c6 3. Nc3 Nf6 4. Nf3 e6 5. cxd5 exd5 6. Bg5 Bf5 7. e3 Nbd7 8.
Bd3 Bxd3 9. Qxd3 Be7 10. O-O O-O 11. a3 a5 12. Rab1 Re8 13. Nd2 Bd6 14. Bf4
Bxf4 15. exf4 Nf8 16. b4 axb4 17. axb4 Qd6 18. g3 Ra3 19. Qc2 Ne6 20. Nf3 Nxf4
21. Rb3 Rxb3 22. Qxb3 Qd7 23. Qd1 Qg4 24. Ne5 Qh3 25. Qf3 Ne6 26. Qd3 Ra8 27.
b5 g6 28. bxc6 bxc6 29. f4 Ra3 30. Qd2 Ng4 31. Nxg4 Qxg4 32. Qb2 Ra8 33. Qb7
Rd8 34. Qxc6 Qf5 35. Re1 Nxd4 36. Qb6 Nf3+ 37. Kf2 Rc8 38. Kxf3 Rxc3+ 39. Kf2
Rc2+ 40. Re2 Rxe2+ 41. Kxe2 Qc2+ 42. Kf3 Qd1+ 43. Kf2 Qd2+ 44. Kf3 Kg7 45. Qb8
Qd3+ 46. Kf2 Qd4+ 47. Kf3 Qe4+ 48. Kf2 d4 49. Qb2 Qe3+ 50. Kg2 Qc3 51. Qb8 d3
52. Kf3 d2+ 53. Ke2 Qc2 54. Qe5+ f6 0-1

[Event "4NCL Division 2b"]
[Site "Reading, ENG"]
[Date "2016.11.20"]
[Round "2.55"]
[White "Berry, Neil"]
[Black "Jackson, Sheila"]
[Result "1/2-1/2"]
[WhiteElo "2299"]
[BlackElo "2152"]
[PlyCount "36"]
[EventDate "2016.11.20"]
[WhiteTeam "Alba"]
[BlackTeam "Spirit of Atticus A"]

1. d4 Nf6 2. c4 e6 3. g3 d5 4. Nf3 Bb4+ 5. Bd2 Bxd2+ 6. Nbxd2 O-O 7. Bg2 Nc6 8.
O-O b6 9. Rc1 Bb7 10. cxd5 exd5 11. a3 a5 12. Qc2 Re8 13. e3 h6 14. Rfd1 Re7
15. Ne1 Qd7 16. Nd3 g5 17. Nf3 Qf5 18. Nde1 Ne4 1/2-1/2

[Event "4NCL Division 2b"]
[Site "Reading, ENG"]
[Date "2016.11.20"]
[Round "2.56"]
[White "Bimpson, Tom"]
[Black "Findlay David John"]
[Result "1-0"]
[WhiteElo "2087"]
[BlackElo "2179"]
[PlyCount "63"]
[EventDate "2016.11.20"]
[WhiteTeam "Spirit of Atticus A"]
[BlackTeam "Alba"]

1. d4 d5 2. Bf4 c5 3. e3 Nc6 4. c3 Nf6 5. Nd2 e6 6. Bd3 Bd6 7. Bxd6 Qxd6 8. f4
Bd7 9. a3 cxd4 10. cxd4 Rc8 11. Ngf3 Ng4 12. Qe2 f6 13. h3 Nh6 14. b4 a6 15.
O-O Na7 16. e4 Bb5 17. e5 Bxd3 18. Qxd3 fxe5 19. fxe5 Qe7 20. Nb3 O-O 21. Nc5
Rc7 22. Ng5 Rf5 23. Ngxe6 Rxf1+ 24. Rxf1 Rc8 25. Nf4 Qf7 26. e6 Qe7 27. Nxd5
Qd6 28. Qe4 Nb5 29. e7 Re8 30. Qe6+ Qxe6 31. Nxe6 Nf7 32. a4 1-0

[Event "4NCL Division 2b"]
[Site "Reading, ENG"]
[Date "2016.11.20"]
[Round "2.57"]
[White "Grassie, Duncan"]
[Black "Hall, John"]
[Result "1-0"]
[WhiteElo "2092"]
[BlackElo "2074"]
[PlyCount "111"]
[EventDate "2016.11.20"]
[WhiteTeam "Alba"]
[BlackTeam "Spirit of Atticus A"]

1. d4 Nf6 2. Bg5 g6 3. Bxf6 exf6 4. e3 d6 5. c4 f5 6. Nc3 Bg7 7. Nge2 Nd7 8. g3
Nf6 9. Bg2 c6 10. h4 Qe7 11. Qc2 h5 12. O-O O-O 13. b4 Bd7 14. Rab1 Rab8 15.
Nf4 Bh6 16. d5 Bxf4 17. exf4 Rfe8 18. dxc6 Bxc6 19. Bxc6 bxc6 20. Rfd1 Qe6 21.
Qd3 Kg7 22. a3 Rbd8 23. Qd4 Kh7 24. Qxa7 Qxc4 25. Qd4 Qxd4 26. Rxd4 Ne4 27. Rc1
c5 28. Nxe4 cxd4 29. Nf6+ Kg7 30. Nxe8+ Rxe8 31. Rd1 Ra8 32. Rxd4 Rxa3 33. Rxd6
Rb3 34. Rd4 Kf6 35. Kf1 Ke6 36. Ke2 Rb2+ 37. Ke3 Rb3+ 38. Kd2 Rb2+ 39. Kc3 Rxf2
40. b5 Rf1 41. b6 Rc1+ 42. Kb4 Rb1+ 43. Kc5 Rc1+ 44. Rc4 Rb1 45. Kc6 Rb3 46. b7
Rb1 47. Kc7 Kd5 48. Rc2 Ke4 49. Rc3 Kd4 50. Rc6 Ke4 51. Rb6 Rxb6 52. Kxb6 Kf3
53. b8=Q Kxg3 54. Qe8 Kxf4 55. Qxf7 Kg4 56. Qxg6+ 1-0

[Event "4NCL Division 2b"]
[Site "Reading, ENG"]
[Date "2016.11.20"]
[Round "2.58"]
[White "Johnson, Michael D"]
[Black "Bamber, Elaine"]
[Result "0-1"]
[WhiteElo "1980"]
[BlackElo "2065"]
[PlyCount "46"]
[EventDate "2016.11.20"]
[WhiteTeam "Spirit of Atticus A"]
[BlackTeam "Alba"]

1. Nf3 d5 2. g3 Nf6 3. Bg2 c6 4. O-O Bg4 5. Ne5 Bf5 6. d4 Nbd7 7. c4 e6 8. b3
Nxe5 9. dxe5 Nd7 10. cxd5 cxd5 11. Bb2 Qc7 12. f4 Rc8 13. Nc3 Qa5 14. e4 dxe4
15. Nxe4 Bxe4 16. Bxe4 Nc5 17. Qf3 Nxe4 18. Qxe4 Bc5+ 19. Bd4 Qb4 20. Rad1 Rd8
21. a3 Bxd4+ 22. Kh1 Qb6 23. f5 Qc6 0-1

[Event "4NCL Division 2b"]
[Site "Reading, ENG"]
[Date "2016.11.20"]
[Round "2.61"]
[White "Hand, Freddie"]
[Black "Ortega, Irvin"]
[Result "0-1"]
[WhiteElo "2103"]
[BlackElo "2327"]
[PlyCount "104"]
[EventDate "2016.11.20"]
[WhiteTeam "KJCA Kings"]
[BlackTeam "Warwickshire Select 1"]

1. d4 g6 2. c4 Bg7 3. e4 d6 4. Nc3 Nc6 5. Be3 e5 6. Nge2 f5 7. exf5 gxf5 8.
dxe5 Nxe5 9. c5 Nf6 10. cxd6 cxd6 11. Nd4 O-O 12. h3 Kh8 13. Be2 a6 14. a4 Ne4
15. Nxe4 fxe4 16. O-O Qh4 17. Qd2 Nf7 18. f3 Qg3 19. Bf4 Qg6 20. Kh1 Ne5 21.
Rac1 Nd3 22. Bxd3 exd3 23. Be3 Bd7 24. Rc3 Rae8 25. Rxd3 Bxa4 26. Ne2 Be5 27.
Bd4 Bb5 28. Re3 Rg8 29. Rg1 Qf5 30. f4 Bf6 31. Qc3 Ref8 32. Bxf6+ Qxf6 33.
Qxf6+ Rxf6 34. g3 Rh6 35. Kh2 Bd7 36. h4 d5 37. Rd1 Rd6 38. Nc3 Bc6 39. Red3
Re6 40. Kh3 h5 41. R1d2 d4 42. Nd1 Re1 43. f5 Rh1+ 44. Rh2 Rg1 45. Rhd2 Be4 46.
Rxd4 R1xg3+ 47. Kh2 Bxf5 48. Kh1 Bg4 49. Nc3 Bf3+ 50. Kh2 Rg1 51. Kh3 Rh1+ 52.
Rh2 Bg2# 0-1

[Event "4NCL Division 2b"]
[Site "Reading, ENG"]
[Date "2016.11.20"]
[Round "2.62"]
[White "Mason, Donald J"]
[Black "Lunn, Matthew"]
[Result "1/2-1/2"]
[WhiteElo "2157"]
[BlackElo "2065"]
[PlyCount "31"]
[EventDate "2016.11.20"]
[WhiteTeam "Warwickshire Select 1"]
[BlackTeam "KJCA Kings"]

1. d4 Nf6 2. c4 g6 3. Nc3 Bg7 4. e4 d6 5. Be2 O-O 6. Nf3 e5 7. O-O Na6 8. Be3
Ng4 9. Bg5 Qe8 10. Re1 h6 11. Bh4 exd4 12. Nxd4 Qe5 13. Nf3 Qc5 14. Rc1 Be6 15.
a3 Ne5 16. Nxe5 1/2-1/2

[Event "4NCL Division 2b"]
[Site "Reading, ENG"]
[Date "2016.11.20"]
[Round "2.63"]
[White "Selway, Richard P"]
[Black "Pitcher, John"]
[Result "1-0"]
[WhiteElo "2022"]
[BlackElo "2222"]
[PlyCount "83"]
[EventDate "2016.11.20"]
[WhiteTeam "KJCA Kings"]
[BlackTeam "Warwickshire Select 1"]

1. e4 c5 2. Nc3 Nc6 3. g3 g6 4. Bg2 Bg7 5. d3 d6 6. Nh3 Rb8 7. O-O Nf6 8. f4
Ng4 9. f5 Nf6 10. Be3 b5 11. Qc1 b4 12. Ne2 Ng4 13. Bd2 Nd4 14. Nxd4 cxd4 15.
Nf4 Nf6 16. a3 a5 17. axb4 axb4 18. Ra4 b3 19. cxb3 Bd7 20. Ba5 Qc8 21. fxg6
Qxc1 22. Rxc1 Bxa4 23. bxa4 hxg6 24. b4 g5 25. e5 dxe5 26. Bc6+ Kf8 27. Nd5
Nxd5 28. Bxd5 e4 29. Bxe4 Be5 30. b5 Kg7 31. Bc7 Bxc7 32. Rxc7 f5 33. Bc6 Kf6
34. a5 Ke6 35. a6 Kd6 36. Rd7+ Kc5 37. a7 Rbc8 38. Rxe7 Rxc6 39. bxc6 Kxc6 40.
Re5 Kb6 41. Rxf5 Ra8 42. Rf7 1-0

[Event "4NCL Division 2b"]
[Site "Reading, ENG"]
[Date "2016.11.20"]
[Round "2.64"]
[White "Fallowfield, Jeremy R"]
[Black "Bansal, Rohan"]
[Result "0-1"]
[WhiteElo "2170"]
[BlackElo "1969"]
[PlyCount "80"]
[EventDate "2016.11.20"]
[WhiteTeam "Warwickshire Select 1"]
[BlackTeam "KJCA Kings"]

1. e4 e6 2. d4 d5 3. Nd2 Nf6 4. e5 Nfd7 5. c3 c5 6. Bd3 b6 7. Nh3 Ba6 8. Bxa6
Nxa6 9. O-O Nc7 10. Qg4 f5 11. exf6 Nxf6 12. Qe2 Bd6 13. Nf3 O-O 14. Bf4 Bxf4
15. Nxf4 Qd6 16. Nd3 Ng4 17. Nde5 Nxe5 18. Nxe5 Rf4 19. g3 Re4 20. Qd2 cxd4 21.
cxd4 Nb5 22. Nf3 Rf8 23. Qd3 h6 24. Rae1 Rxe1 25. Rxe1 Nc7 26. Ne5 Qb4 27. Re2
Qb5 28. Qe3 Kh7 29. Rc2 Ne8 30. b3 Nd6 31. a4 Qe8 32. Rc7 Qh5 33. Nd7 Rf7 34.
Kg2 Qf5 35. Rxa7 Ne4 36. f3 Ng5 37. Rc7 Qh3+ 38. Kh1 Qf1+ 39. Qg1 Qxf3+ 40. Qg2
Qd1+ 0-1

[Event "4NCL Division 2b"]
[Site "Reading, ENG"]
[Date "2016.11.20"]
[Round "2.65"]
[White "Haridas, Girinath"]
[Black "Brooks, Phil J"]
[Result "0-1"]
[WhiteElo "1978"]
[BlackElo "2163"]
[PlyCount "96"]
[EventDate "2016.11.20"]
[WhiteTeam "KJCA Kings"]
[BlackTeam "Warwickshire Select 1"]

1. d4 e6 2. c4 Bb4+ 3. Bd2 a5 4. Nc3 Nf6 5. Bg5 b6 6. e3 Bb7 7. Nf3 h6 8. Bh4
d6 9. a3 Bxc3+ 10. bxc3 Nbd7 11. Nd2 g5 12. Bg3 Qe7 13. f3 O-O-O 14. Bd3 e5 15.
Qe2 Rde8 16. Bf2 g4 17. Bf5 gxf3 18. gxf3 Nh7 19. Ne4 Ng5 20. c5 Nxe4 21. fxe4
exd4 22. cxd6 Qxd6 23. cxd4 Bxe4 24. Bxe4 Rxe4 25. Bg3 Qe6 26. Kd2 Kb7 27. Rac1
Rc8 28. Rc2 Nf6 29. Rhc1 Nd5 30. Bf2 f5 31. Qb5 f4 32. Rc6 fxe3+ 33. Bxe3 Qf7
34. Rf1 Qd7 35. Rfc1 Rxe3 36. Rxb6+ Nxb6 37. Qxd7 Nxd7 38. Kxe3 Nb6 39. Ke4 Rd8
40. Rc5 a4 41. d5 Rd6 42. h3 Kc8 43. Kd4 Kd7 44. Ke4 Rg6 45. Rc3 Rg5 46. Rc6
Rh5 47. Rc3 Nxd5 48. h4 Nxc3+ 0-1

[Event "4NCL Division 2b"]
[Site "Reading, ENG"]
[Date "2016.11.20"]
[Round "2.66"]
[White "Shephard, Chris C W"]
[Black "Verma, Aditya"]
[Result "1/2-1/2"]
[WhiteElo "2179"]
[BlackElo "1909"]
[PlyCount "85"]
[EventDate "2016.11.20"]
[WhiteTeam "Warwickshire Select 1"]
[BlackTeam "KJCA Kings"]

1. c4 c6 2. Nf3 Nf6 3. g3 d5 4. Bg2 Bf5 5. b3 e6 6. O-O Be7 7. Bb2 h6 8. d3 O-O
9. Nbd2 Nbd7 10. Rc1 Re8 11. Rc2 Bh7 12. Qa1 a5 13. a3 Qb6 14. Rcc1 Rac8 15.
Bc3 Ra8 16. Qb2 Qa6 17. Ne5 Nxe5 18. Bxe5 Qb6 19. h3 Red8 20. cxd5 exd5 21. Kh2
Re8 22. e4 Bxa3 23. Qxa3 Rxe5 24. exd5 cxd5 25. d4 Re2 26. Nf3 Rc2 27. Rce1 Ne4
28. Kg1 Rc3 29. Qe7 Rf8 30. Ne5 Qxd4 31. Nd7 Rfc8 32. Rd1 Qb4 33. Qe5 Rxb3 34.
Rxd5 Nd2 35. Re1 Bg6 36. Rd4 Nc4 37. Rxc4 Qxc4 38. Qe8+ Rxe8 39. Rxe8+ Kh7 40.
Nf8+ Kg8 41. Nd7+ Kh7 42. Nf8+ Kg8 43. Nxg6+ 1/2-1/2

[Event "4NCL Division 2b"]
[Site "Reading, ENG"]
[Date "2016.11.20"]
[Round "2.67"]
[White "Selway, Alexander M"]
[Black "Baruch, Andrew J D"]
[Result "0-1"]
[WhiteElo "1825"]
[BlackElo "2092"]
[PlyCount "60"]
[EventDate "2016.11.20"]
[WhiteTeam "KJCA Kings"]
[BlackTeam "Warwickshire Select 1"]

1. d4 g6 2. e4 Bg7 3. Nc3 d6 4. Be3 a6 5. Qd2 b5 6. h4 Bb7 7. f3 h5 8. O-O-O
Nd7 9. Nh3 Qc8 10. Nf2 Ngf6 11. g3 c5 12. Bh3 Qc7 13. g4 hxg4 14. Nxg4 Nxg4 15.
Bxg4 Nf6 16. Bh3 cxd4 17. Bxd4 Bh6 18. Be3 Bxe3 19. Qxe3 Rh5 20. Nd5 Nxd5 21.
exd5 Rxd5 22. Rxd5 Bxd5 23. Qd4 e6 24. Re1 Rc8 25. c3 Qc5 26. Qd3 b4 27. Qxa6
bxc3 28. Qa4+ Ke7 29. Qa3 cxb2+ 30. Kxb2 Rb8+ 0-1

[Event "4NCL Division 2b"]
[Site "Reading, ENG"]
[Date "2016.11.20"]
[Round "2.68"]
[White "Kearney, James"]
[Black "Mao, Ximan"]
[Result "1/2-1/2"]
[WhiteElo "1700"]
[BlackElo "1767"]
[PlyCount "62"]
[EventDate "2016.11.20"]
[WhiteTeam "Warwickshire Select 1"]
[BlackTeam "KJCA Kings"]

1. e4 Nf6 2. e5 Nd5 3. d4 d6 4. Nf3 dxe5 5. Nxe5 c6 6. Bd3 Nd7 7. Nf3 N7f6 8.
c3 Bg4 9. Nbd2 e6 10. Nc4 Bd6 11. Nxd6+ Qxd6 12. Be2 Nf4 13. Bxf4 Qxf4 14. Ne5
Bxe2 15. Qxe2 O-O 16. Qf3 Qxf3 17. Nxf3 Nd5 18. O-O Rfd8 19. Rfe1 Rd6 20. Nd2
Rd7 21. Nb3 b6 22. Rad1 Rad8 23. Rd2 Nf6 24. Rde2 Rd6 25. Kf1 Nd7 26. Nd2 Rd5
27. Nb3 Rh5 28. h3 c5 29. dxc5 Nxc5 30. Nxc5 Rxc5 31. Re5 Rxe5 1/2-1/2

[Event "4NCL Division 2b"]
[Site "Reading, ENG"]
[Date "2016.11.20"]
[Round "2.71"]
[White "Zhang, Anthony Y"]
[Black "Arnott, Jonathan W"]
[Result "1-0"]
[WhiteElo "2226"]
[BlackElo "2134"]
[PlyCount "95"]
[EventDate "2016.11.20"]
[WhiteTeam "Guildford 3"]
[BlackTeam "White Rose 2"]

1. Nf3 Nf6 2. c4 c6 3. g3 d5 4. Bg2 dxc4 5. O-O g6 6. Na3 Bg7 7. Nxc4 O-O 8. d4
Be6 9. b3 Ne4 10. Bb2 Nd7 11. Nfe5 Nxe5 12. Nxe5 Bxe5 13. dxe5 Nc5 14. Qxd8
Rfxd8 15. Ba3 Na6 16. Bxe7 Rd2 17. Bf3 Re8 18. Bg5 Rb2 19. Rfb1 Rxb1+ 20. Rxb1
Bf5 21. Rd1 Rxe5 22. g4 Bc2 23. Rd8+ Kg7 24. Be3 Re7 25. g5 f5 26. Bd4+ Kf7 27.
Bxa7 Be4 28. Kg2 Ke6 29. Bxe4 fxe4 30. Bd4 Kf5 31. Rf8+ Ke6 32. Bf6 Rd7 33.
Re8+ Kf7 34. Rxe4 Nc5 35. Rc4 Ne6 36. Rh4 Nf8 37. Rf4 Ne6 38. Rh4 Nf8 39. Bc3
Rd5 40. Rf4+ Ke7 41. h4 Ne6 42. Re4 Kd6 43. Ra4 Rf5 44. e3 Nc7 45. Rd4+ Ke7 46.
Kg3 Nb5 47. Re4+ Kd7 48. Bf6 1-0

[Event "4NCL Division 2b"]
[Site "Reading, ENG"]
[Date "2016.11.20"]
[Round "2.72"]
[White "Shaw, Peter"]
[Black "Granat, Russell G"]
[Result "1/2-1/2"]
[WhiteElo "2119"]
[BlackElo "2228"]
[PlyCount "32"]
[EventDate "2016.11.20"]
[WhiteTeam "White Rose 2"]
[BlackTeam "Guildford 3"]

1. d4 Nf6 2. c4 e6 3. Nc3 d5 4. Bg5 Be7 5. e3 c6 6. Nf3 h6 7. Bh4 Ne4 8. Bxe7
Nxc3 9. Qb3 Qxe7 10. bxc3 Nd7 11. Be2 O-O 12. O-O dxc4 13. Bxc4 e5 14. a4 e4
15. Nd2 Nb6 16. a5 Nxc4 1/2-1/2

[Event "4NCL Division 2b"]
[Site "Reading, ENG"]
[Date "2016.11.20"]
[Round "2.73"]
[White "Golding, Alex"]
[Black "Burnett, Jim"]
[Result "0-1"]
[WhiteElo "2170"]
[BlackElo "2099"]
[PlyCount "56"]
[EventDate "2016.11.20"]
[WhiteTeam "Guildford 3"]
[BlackTeam "White Rose 2"]

1. e4 e6 2. d4 d5 3. Nd2 Nf6 4. e5 Nfd7 5. c3 c5 6. Bd3 Nc6 7. Ne2 cxd4 8. cxd4
f6 9. exf6 Nxf6 10. O-O Bd6 11. Nf3 Qc7 12. h3 O-O 13. Be3 Bd7 14. Rc1 Rae8 15.
Qc2 Qb8 16. a3 Rc8 17. Qd2 Nh5 18. Bb1 Ne7 19. Rxc8 Qxc8 20. Qd3 Ng6 21. Ng5
Be8 22. g4 Nf6 23. f4 h6 24. Nxe6 Qxe6 25. f5 Qe7 26. fxg6 Bxg6 27. Qxg6 Qxe3+
28. Rf2 Ne4 0-1

[Event "4NCL Division 2b"]
[Site "Reading, ENG"]
[Date "2016.11.20"]
[Round "2.74"]
[White "O'driscoll, Kieran"]
[Black "Punnett, Alan K"]
[Result "0-1"]
[WhiteElo "2109"]
[BlackElo "2024"]
[PlyCount "108"]
[EventDate "2016.11.20"]
[WhiteTeam "White Rose 2"]
[BlackTeam "Guildford 3"]

1. d4 Nf6 2. Nf3 d5 3. c4 dxc4 4. e3 Bg4 5. Bxc4 e6 6. h3 Bh5 7. Nc3 Nbd7 8. a3
Bd6 9. b4 e5 10. g4 Bg6 11. Nh4 exd4 12. exd4 Qe7+ 13. Be3 Nb6 14. Bb3 Ne4 15.
Nxg6 hxg6 16. Qd3 Nxc3 17. Qxc3 Qe4 18. O-O-O a5 19. Bg5 axb4 20. axb4 O-O 21.
Rde1 Nd5 22. Rxe4 Nxc3 23. Ree1 Bxb4 24. Bd2 Na2+ 25. Kc2 Bxd2 26. Kxd2 Rfd8
27. Re7 Rxd4+ 28. Ke3 Rb4 29. Bxf7+ Kf8 30. Rxc7 Ra3+ 31. Kd2 Rb2+ 32. Rc2
Rxc2+ 33. Kxc2 Kxf7 34. Rb1 Rf3 35. Rxb7+ Kf6 36. Rb6+ Kg5 37. h4+ Kxh4 38.
Rxg6 Rxf2+ 39. Kd3 Nc1+ 40. Ke4 Rf7 41. Ke5 Ne2 42. Ke6 Ra7 43. Kf5 Ra5+ 44.
Ke4 Rg5 45. Ra6 Kxg4 46. Ke3 Re5+ 47. Kf2 g5 48. Ra4+ Nf4 49. Ra3 Re2+ 50. Kf1
Rd2 51. Rb3 Nd3 52. Rb5 Kf4 53. Ra5 g4 54. Ra4+ Kf3 0-1

[Event "4NCL Division 2b"]
[Site "Reading, ENG"]
[Date "2016.11.20"]
[Round "2.75"]
[White "Shepley, Julien M"]
[Black "Sucikova, Svetlana"]
[Result "1/2-1/2"]
[WhiteElo "1997"]
[BlackElo "2076"]
[PlyCount "85"]
[EventDate "2016.11.20"]
[WhiteTeam "Guildford 3"]
[BlackTeam "White Rose 2"]

1. e4 c6 2. d4 d5 3. Nd2 dxe4 4. Nxe4 Bf5 5. Ng3 Bg6 6. h4 h6 7. Nf3 Nd7 8. h5
Bh7 9. Bd3 Bxd3 10. Qxd3 e6 11. Bd2 Ngf6 12. O-O-O Be7 13. Kb1 O-O 14. Ne4 Nxe4
15. Qxe4 Nf6 16. Qe2 Qd5 17. Ne5 Qe4 18. Qxe4 Nxe4 19. Be1 Rfd8 20. f3 Nf6 21.
Bh4 Rd5 22. c4 Rd6 23. Rd3 b6 24. Rhd1 Rc8 25. g4 Kf8 26. Kc2 Rdd8 27. f4 Rc7
28. R1d2 Ke8 29. Rd1 Rdc8 30. Bxf6 Bxf6 31. Nf3 Be7 32. g5 Bd6 33. gxh6 gxh6
34. Ne5 c5 35. d5 exd5 36. Rxd5 Bxe5 37. Rxe5+ Kf8 38. Rd6 Rc6 39. Red5 Kg7 40.
Kd3 R8c7 41. f5 Rxd6 42. Rxd6 f6 43. Re6 1/2-1/2

[Event "4NCL Division 2b"]
[Site "Reading, ENG"]
[Date "2016.11.20"]
[Round "2.76"]
[White "Lewyk, Ihor"]
[Black "White, Nigel"]
[Result "1/2-1/2"]
[WhiteElo "2033"]
[BlackElo "1982"]
[PlyCount "43"]
[EventDate "2016.11.20"]
[WhiteTeam "White Rose 2"]
[BlackTeam "Guildford 3"]

1. Nf3 c5 2. c4 Nc6 3. Nc3 g6 4. g3 Bg7 5. Bg2 e5 6. d3 Nge7 7. O-O O-O 8. Ne1
d6 9. Nc2 Be6 10. Ne3 Qd7 11. Ned5 Bh3 12. Bg5 f6 13. Bd2 Rae8 14. a3 Bxg2 15.
Kxg2 f5 16. e4 Nxd5 17. Nxd5 Ne7 18. Nxe7+ Qxe7 19. Qc1 Qd7 20. Rb1 f4 21. f3
g5 22. g4 1/2-1/2

[Event "4NCL Division 2b"]
[Site "Reading, ENG"]
[Date "2016.11.20"]
[Round "2.77"]
[White "Smart, Michael R"]
[Black "Huang, Siyuan"]
[Result "0-1"]
[WhiteElo "1996"]
[BlackElo "2062"]
[PlyCount "52"]
[EventDate "2016.11.20"]
[WhiteTeam "Guildford 3"]
[BlackTeam "White Rose 2"]

1. e4 c5 2. Nf3 Nc6 3. d4 cxd4 4. Nxd4 Nf6 5. Nc3 e5 6. Nxc6 bxc6 7. Bg5 Be7 8.
Bxf6 Bxf6 9. Bc4 Qb6 10. O-O Qxb2 11. Nd5 Bd8 12. Ne3 O-O 13. Rb1 Qd4 14. Qf3
Bg5 15. Bb3 Qc3 16. Rfd1 a5 17. Rd3 Qc5 18. a4 Bxe3 19. Rxe3 Qe7 20. Rd1 Kh8
21. Red3 f5 22. Rd6 f4 23. Qh5 Ra7 24. R1d3 f3 25. gxf3 Ba6 26. Rd1 Be2 0-1

[Event "4NCL Division 2b"]
[Site "Reading, ENG"]
[Date "2016.11.20"]
[Round "2.78"]
[White "Li, Harry"]
[Black "Stimpson, Philip M"]
[Result "0-1"]
[WhiteElo "1986"]
[BlackElo "1935"]
[PlyCount "102"]
[EventDate "2016.11.20"]
[WhiteTeam "White Rose 2"]
[BlackTeam "Guildford 3"]

1. d4 Nf6 2. c4 e6 3. Nc3 Bb4 4. Qc2 c5 5. Nf3 O-O 6. Bg5 h6 7. Bxf6 Qxf6 8. e3
Nc6 9. a3 cxd4 10. axb4 dxc3 11. Qxc3 Qxc3+ 12. bxc3 b6 13. Be2 Bb7 14. O-O a5
15. b5 Ne7 16. Rfd1 d5 17. Ne5 Rfd8 18. Bf3 Rac8 19. cxd5 Bxd5 20. Bxd5 exd5
21. c4 f6 22. Nf3 dxc4 23. Nd4 Kf7 24. Kf1 Rc5 25. Ke1 g6 26. h3 Nf5 27. Rac1
Nxd4 28. exd4 Re8+ 29. Kf1 Rxb5 30. Rxc4 Rd5 31. Ra4 Ra8 32. Rda1 Rb5 33. Ke2
Ke6 34. R1a3 Kd5 35. g3 Rb2+ 36. Kf3 Rc8 37. Ra1 Rc3+ 38. Kg2 Rcc2 39. Rf1 Rb4
40. Rxb4 axb4 41. Rd1 Rc4 42. Kf3 Rxd4 43. Rc1 b3 44. Ke3 b2 45. Rb1 Rb4 46.
Kd3 Rb3+ 47. Kc2 Kc4 48. h4 Rc3+ 49. Kxb2 Rb3+ 50. Kc2 Rxb1 51. Kxb1 Kd3 0-1

[Event "4NCL Division 2b"]
[Site "Reading, ENG"]
[Date "2016.11.20"]
[Round "2.81"]
[White "Bisby, Daniel L"]
[Black "Drabble, Andrew"]
[Result "1/2-1/2"]
[WhiteElo "2311"]
[BlackElo "2078"]
[PlyCount "99"]
[EventDate "2016.11.20"]
[WhiteTeam "Cambridge University 1"]
[BlackTeam "Bradford DCA Knights A"]

1. e4 e6 2. Nc3 d5 3. d4 dxe4 4. Nxe4 Nd7 5. Nf3 Ngf6 6. Ng3 c5 7. c3 Qc7 8.
Bd3 Bd6 9. O-O b6 10. Re1 O-O 11. dxc5 Nxc5 12. Bc2 Bb7 13. Bg5 Be7 14. Qe2 h6
15. Bxf6 Bxf6 16. Nh5 Qe7 17. Ne5 Bxe5 18. Qxe5 Qg5 19. Qxg5 hxg5 20. f3 Rfd8
21. Rad1 Bc6 22. Ng3 Kf8 23. Ne2 e5 24. Ng3 f6 25. Nf5 Nb7 26. Kf2 Rxd1 27.
Rxd1 Rd8 28. Rxd8+ Nxd8 29. Nd6 Bd7 30. Bd3 Ke7 31. Nf5+ Kf8 32. Nd6 Ke7 33.
Nb5 Nc6 34. Be4 a5 35. Na3 Kd6 36. Nc4+ Kc5 37. Ne3 b5 38. Nf5 g6 39. Nh6 Ne7
40. Ng4 Bxg4 41. fxg4 f5 42. Bc2 e4 43. gxf5 gxf5 44. g4 Kd5 45. gxf5 Nxf5 46.
a4 bxa4 47. Bxa4 Ke5 48. b4 axb4 49. cxb4 Kf4 50. Bd1 1/2-1/2

[Event "4NCL Division 2b"]
[Site "Reading, ENG"]
[Date "2016.11.20"]
[Round "2.82"]
[White "Eagleton, Greg T"]
[Black "Hill, Alistair"]
[Result "1/2-1/2"]
[WhiteElo "2055"]
[BlackElo "2247"]
[PlyCount "38"]
[EventDate "2016.11.20"]
[WhiteTeam "Bradford DCA Knights A"]
[BlackTeam "Cambridge University 1"]

1. d4 Nf6 2. Nf3 g6 3. Bg5 Bg7 4. Nbd2 O-O 5. e3 h6 6. Bh4 d5 7. Bd3 Nbd7 8.
O-O Re8 9. c4 c5 10. Qc2 cxd4 11. exd4 Nf8 12. c5 Nh5 13. Ne5 Bxe5 14. dxe5 Nf4
15. Nb3 Nxd3 16. Qxd3 Bf5 17. Qd2 g5 18. Bg3 Bg6 19. Nd4 Qd7 1/2-1/2